| 000 | 00398nam a2200145Ia 4500 | ||
|---|---|---|---|
| 008 | 220217s9999||||xx |||||||||||||| ||und|| | ||
| 020 | _a81-224-0871-0 | ||
| 082 | _a620.11 SRI | ||
| 100 |
_aSrivastava, C.M Srinivasan, C _9488 |
||
| 245 | 0 | _aScience of engineering materials | |
| 250 | _a2nd | ||
| 260 |
_aNew age international _bBangalore _c1999 |
||
| 300 | _b175 | ||
| 650 | _aMECHANICHAL | ||
| 999 |
_c165138 _d165138 |
||